| 000 | 01052nam a2200205Ia 4500 | ||
|---|---|---|---|
| 003 | Ost | ||
| 005 | 20260507075056.0 | ||
| 008 | 260507s9999||||xx |||||||||||||| ||und|| | ||
| 040 | _cfsecg | ||
| 041 | _aara | ||
| 082 | _a341.75 | ||
| 100 |
_aعوض الله، زينب حسين _eمؤلف |
||
| 245 | 0 |
_aالاقتصاد الدولي : _bالعلاقات الاقتصادية والنقدية الدولية / _c زينب حسين عوض الله |
|
| 260 |
_aالاسكندرية: _bدار الجامعة الجديدة, _c2004 |
||
| 300 |
_a382 صفحة؛ _c23 سم |
||
| 520 | _aالعلاقات الاقتصادية الدولية ونظام المدفوعات الدولية،نظام النقد الدولي والإقتصاد الدولي الخاص للأعمال،النظام التجاري الدولي والاقتصاد الدولي الخاص للأعمال،النظام التجاري الدولي | ||
| 653 | _aالاقتصاد الدولي | ||
| 653 | _aالعلاقات الاقتصادية الدولية | ||
| 942 | _cكتاب | ||
| 999 |
_c42741 _d42741 |
||